000 00445 a2200157 4500
999 _c321329
_d321329
001 86256
003 NUST
005 20180122102055.0
008 180122b xxu||||| |||| 00| 0 eng d
020 _a9780199063543
082 _a934 BRI
100 _aJohn O' Brien
_99449
245 _aThe unconquered people : the liberation journey of an oppressed caste
_cJohn O' Brien
_hEnglish
250 _a1st
260 _aKarachi
_bOxford university Press
_c2012
300 _axiv, 337 p.
500 _aGeneral Collection
942 _aCAE NUST
_cBK
_k934 BRO
_2ddc